000 00948cab a22002295a 4500
001 L153263
008 110704s20110630xxkd f 000 0 eng d
035 _a(Sirsi) u153263
041 0 _aeng
100 1 _aSandland, Ian
245 0 0 _aGet the lowdown on high risk
260 _c2011
490 0 _aNew Civil Engineer
_v30 June 2011, 34-35(2)
520 _aThe higher a building gets, the harder it becomes to manage construction. A look at the challenges facing companies building the next generation of super towers, high rises and skyscrapers, and identifies the key areas where problems might arise. Design and sustainability are the key to the success of a tall building.
590 _aKA
651 4 _aInternational
690 _aBUILT ENVIRONMENT-BUILDING TYPES-TALL BUILDINGS
690 _aBUILT ENVIRONMENT-CONSTRUCTION DESIGN
690 _aBUILT ENVIRONMENT-SUSTAINABLE CONSTRUCTION
700 1 _aTaylor, Lance
942 _n0
999 _c83244
_d83244